00270nam a2200097Ia 4500008004100000041000800041100003000049245004300079260003100122999001900153241105s9999 xx 000 0 und d aeng aShanmugam Abirami9183192 aClimate Change Resilient City, Chennai bBNCA M Arch EA, Punec2017 c361487d361487